000
00316nam a2200133Ia 4500
008
231129s1977||||xx |||||||||||||| ||spa||
020
_a
84-7095-042-8
040
_b
spa
082
_a
751.4 P659
245
0
_a
Pinte Ud.!
260
_c
1977
264
_a
Leda
942
_2
ddc
_c
BKS
999
_c
22772
_d
22772